000 00305nam a2200121Ia 4500
003 GCL
008 140319s9999 xx 000 0 ara d
040 _aGCL /
_cGCL
082 0 4 _aم
_b922.1
_bم ح
245 1 0 _aحياة ابى بكر ط3
260 _a[S.N] :
_bدار الجيل ،
_c1989
300 _a167 ص
999 _c59223
_d59223